JJT Difficulties 2024 (Class -1 and 0) - Statistics

General Stats
  • This quiz has been taken 85 times
  • The average score is 25 of 40
Answer Stats
Classes and Chains Difficulties % Correct
A
98%
Class Negative The First Difficulty
94%
The Lower Gap
91%
Negativity
87%
Unimpossible
87%
Skip
79%
Exist
77%
Friendliness
77%
True Ease
77%
Instant Win
74%
Pre-Excavation Chain Cash
72%
Win
72%
Ifinity
68%
Relax
68%
Automatic
66%
Multiplier
64%
Rebirth
64%
Restful
64%
Astronomical
60%
Winsome
60%
Do Nothing
57%
Class 0 Millisecondless
57%
Felix the Aa
55%
Reversed Peripherality
55%
Spontaneous
55%
Unlosable
55%
Blessing
53%
Mazeophobia
53%
Roll
53%
Shattered Babass
53%
Vintage
53%
Automatic Joyful
51%
Just Air
51%
Sleepful
51%
Vibeness
51%
Frivolous
49%
Happylike
49%
Walkthrough
49%
Ifinitude
47%
Locomotion
47%
No matching quizzes found
Score Distribution
Percent of People with Each Score
Percentile by Number Answered
Your Score History
You have not taken this quiz